000 00429cam a22001575a 4500
001 J100921
008 000000s1927 xxk 000 0 eng u
035 _a(Sirsi) u100921
110 _aAuctioneers' and Estate Agents' Institute of the United Kingdom
_93789
245 _aExamination questions March 1927.
260 _c1927
300 _a69p.
651 4 _aUnited Kingdom
_y
690 _aBusiness and management
942 _n0
999 _c99923
_d99923